Screen Time For Encanto Characters - Statistics

General Stats
  • This quiz has been taken 41 times
    35 since last reset
  • The average score is 9 of 12
Answer Stats
Time Name % Correct
13:33 Bruno
96%
23:31 Alma | Abuela
88%
6:25 Camilo
88%
1:01:03 Mirabel
88%
12:17 Isabela
79%
11:33 Luisa
79%
11:23 Pepa
79%
6:05 Dolores
75%
7:56 Antonio
71%
7:51 Felix
58%
10:16 Julieta
58%
6:17 Agustin
54%
No matching quizzes found
Score Distribution
Percent of People with Each Score
Percentile by Number Answered
Your Score History
You have not taken this quiz since the last reset